000 00296nam a22001217a 4500
020 _a969-8162-02-X
082 _a891.4211 JAV'P
100 _aJAVEID, INAMUL HAQ
_966917
245 _aPAKISTAN IN PUNJABI LITERATURE
260 _aISLAMABAD
_bMAKABA-I-FANOOS
_c1993
300 _a120P
942 _cBK
999 _c574780
_d574780